000 00939pam a2200289 a 4500
999 _c478677
_d478677
001 1086329
003 NUST
005 20180703063923.0
008 920130s1992 mauaf b 001 0 eng
010 _a 92005015
020 _a0867203234
038 _a0
040 _aDLC
_cDLC
_dDLC
050 0 0 _aBF713
_b.F74 1992
082 0 0 _a155
_220
100 1 _aFreiberg, Karen L.,(editor)
_d1944-
_911410
245 1 0 _aHuman development :
_cKaren L. Freiberg.
250 _a36th ed.
260 _aBoston :
_bMcGraw-hill
_c2008
300 _axi, 188 p.
_bill. (some col.) ;
_c29 cm.
504 _aIncludes bibliographical references (p. 466-484) and indexes.
650 0 _aDevelopmental psychology.
_94065
650 0 _aHuman growth.
_911411
906 _a7
_bcbc
_corignew
_d1
_eocip
_f19
_gy-gencatlg
942 _2ddc
_cBK